00885 2200265 4500001002100000005001700021008004100038020001800079035002400097082001000121090001700131100001600148245016500164250001000329260003900339300003000378500008600408650003400494700002500528850001500553980001500568985000600583999001500589999001500604YOGYA-0209000003684120090227025159.0 ind  a979-694-768-4 0010-020900000036841 a658.3 a658.3bRae U aRAE, Leslie aUsing activities in training and developmentbmelibatkan pembelajaran secara aktif dalam pendidikan dan pelatihancLeslie Rae ; alih bahasa, Kumala Insiwi Suryo aCet.1 aJakartabBhuana Ilmu Populerc2005 axiv, 300 hlmbilusc24 cm aJudul asli : Using activities in training and developmentbBibliografi : hlm. 300 aManajemen sumber daya manusia aSuryo, Kumala Insiwi aYOPDYOG(B) a03-21-2006 a2 a05B0008159 a05B0008160